[Event "40th Olympiad Open"]
[Site "Istanbul TUR"]
[Date "2012.09.03"]
[Round "6.31"]
[Board "2"]
[White "Pereira, Ruben"]
[Black "Maznitsin, A"]
[Result "1/2-1/2"]
[WhiteTitle "IM"]
[WhiteElo "2417"]
[BlackElo "2283"]
[WhiteTeam "Portugal"]
[BlackTeam "Kyrgyzstan"]
[WhiteFideId "1903063"]
[BlackFideId "13800302"]
[EventDate "2012.08.28"]

1. Nf3 Nf6 2. c4 e6 3. g3 b6 4. Bg2 Bb7 5. O-O Be7 6. Nc3 O-O 7. d4 d5 8. cxd5
exd5 9. Ne5 c6 10. Qa4 b5 11. Qc2 Qb6 12. Rd1 Nbd7 13. Nxd7 Nxd7 14. e4 b4 15.
Na4 Qb5 16. Be3 dxe4 17. Bxe4 Nf6 18. Bf3 Nd5 19. Nc5 Bc8 20. Re1 Bh3 21. Rac1
Rac8 22. Bd2 Rfe8 23. Re5 Bxc5 24. Qxc5 Rxe5 25. Qxb5 cxb5 26. Rxc8+ Bxc8 27.
dxe5 Be6 28. Be2 a6 29. f4 Nb6 30. Bxb4 Bxa2 31. Kf2 Bc4 32. Bxc4 Nxc4 33. b3
Nb6 34. Ba5 Nd5 35. Kf3 f5 36. exf6 Nxf6 37. Ke3 Kf7 38. Kd4 Ke6 39. Kc5 Ng4 40.
Kb6 Kd5 41. Kxa6 Kc6 42. h3 Nf2 43. Bb6 Nd3 44. f5 Nc1 45. Bd4 Nxb3 46. Bxg7
Nc5+ 47. Ka5 Nb7+ 48. Kb4 Nd6 49. g4 Kd5 50. Bf8 Ne4 51. Kxb5 Nf2 52. Bc5 Nxh3
53. Be3 Ke5 54. Kc5 h5 55. Bd4+ Kf4 56. f6 Ng5 57. gxh5 Nh7 58. Kd6 Kg5 59. f7
Kxh5 60. Ke7 Kg6 61. Bc5 Kf5 62. Ke8 Kg6 63. Be7 Kf5 64. Kd7 Ke5 65. Bh4 Kf5 66.
Ke7 Kg6 67. Bf6 Kf5 68. Bc3 Kg6 69. Bd2 Kf5 70. Bc1 Kg6 71. Ke6 Nf8+ 72. Ke5 1/2-1/2

[Event "40th Olympiad Open"]
[Site "Istanbul TUR"]
[Date "2012.09.03"]
[Round "6.31"]
[Board "4"]
[White "Padeiro, Jose"]
[Black "Takyrbashev, B."]
[Result "1-0"]
[WhiteTitle "FM"]
[WhiteElo "2354"]
[BlackElo "2195"]
[WhiteTeam "Portugal"]
[BlackTeam "Kyrgyzstan"]
[WhiteFideId "1901311"]
[BlackFideId "13800272"]
[EventDate "2012.08.28"]

1. d4 f5 2. g3 Nf6 3. Bg2 g6 4. b3 Bg7 5. Bb2 c5 6. d5 O-O 7. c4 e6 8. dxe6 dxe6
9. Qxd8 Rxd8 10. Nd2 Na6 11. O-O-O Ng4 12. Nh3 Bh6 13. a3 Rb8 14. Kc2 Bd7 15.
Nb1 b5 16. cxb5 Bxb5 17. Nc3 Be8 18. Bf3 Rxd1 19. Nxd1 c4 20. b4 Ba4+ 21. Kb1
Bb3 22. e3 Rd8 23. Kc1 Nc7 24. Bxg4 fxg4 25. Nf4 Bg7 26. Bxg7 Kxg7 27. Nc3 e5
28. Nfe2 Rd3 29. Ne4 Ba4 30. N2c3 Bc6 31. Rd1 Bxe4 32. Nxe4 Rxd1+ 33. Kxd1 Nd5
34. Kc2 h5 35. Nd6 Kf6 36. Nxc4 e4 37. Kb3 g5 38. a4 h4 39. b5 Ke6 40. a5 Nc7
41. b6 axb6 42. Nxb6 Kd6 43. Kc4 Na6 44. Kd4 Nc5 45. Nc4+ Kc6 46. Ne5+ Kd6 47.
Nf7+ Kc6 48. Nxg5 1-0

[Event "40th Olympiad Open"]
[Site "Istanbul TUR"]
[Date "2012.09.03"]
[Round "6.34"]
[Board "4"]
[White "Khouri, Ibrahim Mohamed"]
[Black "Kovalev, Vladislav"]
[Result "1/2-1/2"]
[WhiteTitle "FM"]
[BlackTitle "IM"]
[WhiteElo "2228"]
[BlackElo "2485"]
[WhiteTeam "United Arab Emirates"]
[BlackTeam "Belarus"]
[WhiteFideId "9301526"]
[BlackFideId "13504398"]
[EventDate "2012.08.28"]

1. e4 e5 2. Nf3 Nc6 3. Bb5 a6 4. Ba4 Nf6 5. d3 b5 6. Bb3 Bc5 7. O-O d6 8. a4 Rb8
9. axb5 axb5 10. c3 O-O 11. Re1 h6 12. Be3 Ng4 13. Bxc5 dxc5 14. Bd5 Ne7 15. h3
Nf6 16. Nxe5 Nfxd5 17. exd5 Qxd5 18. c4 Qd6 19. cxb5 Nf5 20. Nc3 Nd4 21. Nc4 Qd7
22. Re5 Bb7 23. Qg4 f5 24. Qh5 Ne6 25. Qh4 Rf6 26. Rae1 Rg6 27. Ne3 Nd4 28. Kh1
Re8 29. Ned5 Rge6 30. Qg3 Kh7 31. Rxe6 Rxe6 32. Rxe6 Qxe6 33. Ne3 Qf7 34. Qe5 f4
35. Ned5 f3 36. g4 Ne2 37. Kh2 c6 38. Qc7 Qe6 39. Qe7 Qxe7 40. Nxe7 cxb5 41.
Nxb5 Ba6 42. Nc7 Bxd3 43. Ne6 c4 44. Nf8+ Kh8 45. Nfg6+ Kh7 46. Nf8+ Kh8 47.
Nfg6+ Kh7 48. Ne5 g6 49. Nxf3 c3 50. bxc3 Nxc3 51. Nd4 Ne4 52. f3 Nf6 53. Nec6
Bc4 54. Kg3 Bd5 55. Ne7 Bb7 56. Ne6 Ba6 1/2-1/2

[Event "40th Olympiad Open"]
[Site "Istanbul TUR"]
[Date "2012.09.03"]
[Round "6.35"]
[Board "2"]
[White "Halay, Taufik"]
[Black "Chumfwa, Stanley"]
[Result "1-0"]
[WhiteTitle "IM"]
[WhiteElo "2361"]
[BlackElo "2347"]
[WhiteTeam "Indonesia"]
[BlackTeam "Zambia"]
[WhiteFideId "7101392"]
[BlackFideId "8700117"]
[EventDate "2012.08.28"]

1. d4 Nf6 2. c4 e6 3. Nf3 b6 4. e3 Bb7 5. Bd3 Bb4+ 6. Nbd2 O-O 7. O-O d5 8. a3
Bxd2 9. Bxd2 dxc4 10. Bxc4 Nbd7 11. Qe2 c5 12. Rfd1 Qe7 13. Ne5 Rfd8 14. Bb5
Rac8 15. Be1 a5 16. f3 cxd4 17. Nxd7 Nxd7 18. Rxd4 Nf6 19. Rxd8+ Rxd8 20. e4 Nd7
21. Bf2 Nc5 22. Rd1 Rxd1+ 23. Qxd1 h6 24. h3 e5 25. Qc2 Qd6 26. Bc4 Bc8 27. Bd5
Bd7 28. Qc4 Be6 29. b4 axb4 30. axb4 Bxd5 31. exd5 Na4 32. Qc6 Qxb4 33. Qe8+ Kh7
34. Qxf7 Nc3 35. Qf5+ Kg8 36. Qxe5 Qc4 37. d6 Qd3 38. d7 1-0

[Event "40th Olympiad Open"]
[Site "Istanbul TUR"]
[Date "2012.09.03"]
[Round "6.36"]
[Board "1"]
[White "Malisauskas, Vidmantas"]
[Black "Arias Santana, Mauricio"]
[Result "1-0"]
[WhiteTitle "GM"]
[BlackTitle "IM"]
[WhiteElo "2451"]
[BlackElo "2326"]
[WhiteTeam "Lithuania"]
[BlackTeam "Costa Rica"]
[WhiteFideId "12800031"]
[BlackFideId "6500366"]
[EventDate "2012.08.28"]

1. d4 d5 2. c4 c6 3. Nf3 e6 4. Nbd2 f5 5. g3 Nf6 6. Bg2 Bd6 7. O-O O-O 8. Qc2
Bd7 9. Ne5 Be8 10. Ndf3 Nbd7 11. Nd3 Rc8 12. Bf4 Be7 13. Ng5 Bf7 14. Rac1 Nh5
15. Nxf7 Kxf7 16. Be3 Bd6 17. cxd5 cxd5 18. Qa4 Bb8 19. Rxc8 Qxc8 20. Rc1 Qd8
21. Qb5 Nb6 22. a4 Kg8 23. Bf3 Nf6 24. Nc5 Qe7 25. b3 Ne8 26. a5 Nd6 27. Qb4 Na8
28. Bf4 Rc8 29. Rc3 Kf7 30. Nxe6 Kxe6 31. Rxc8 Nxc8 32. Bxd5+ Kxd5 33. Qc4+ 1-0

[Event "40th Olympiad Open"]
[Site "Istanbul TUR"]
[Date "2012.09.03"]
[Round "6.36"]
[Board "3"]
[White "Pileckis, Emilis"]
[Black "Gonzalez, Bernal"]
[Result "1/2-1/2"]
[WhiteTitle "IM"]
[BlackTitle "IM"]
[WhiteElo "2443"]
[BlackElo "2413"]
[WhiteTeam "Lithuania"]
[BlackTeam "Costa Rica"]
[WhiteFideId "12802476"]
[BlackFideId "6500170"]
[EventDate "2012.08.28"]

1. Nf3 d5 2. d4 Nf6 3. c4 c6 4. Nc3 dxc4 5. a4 Bf5 6. Ne5 e6 7. f3 Bb4 8. Bg5 c5
9. dxc5 Qa5 10. Qd4 Bxc5 11. Qxc4 O-O 12. e4 Bg6 13. Nd3 Be7 14. Qb5 Nc6 15. Bf4
Rfc8 16. Be2 a6 17. Qxa5 Nxa5 18. O-O-O Nd7 19. Ne5 Nxe5 20. Bxe5 f6 21. Bd6 Kf8
22. Kc2 Bf7 23. Bxe7+ Kxe7 24. e5 fxe5 25. Bd3 Nc6 26. Be4 Nd4+ 27. Kb1 Rc7 28.
Rhe1 Rd8 29. Re3 h6 30. Red3 g5 31. Ne2 Nc6 32. Rxd8 Nxd8 33. Nc1 Be8 34. b3 Nf7
35. Kb2 Nd6 36. Bc2 Bc6 37. Re1 Kf6 38. Nd3 Nf7 39. Nf2 h5 40. h4 gxh4 41. Rh1
Rd7 42. Kc1 Rd4 43. Be4 Nd6 44. Rxh4 Kg5 45. g3 Bxe4 46. fxe4 Ne8 47. Nh3+ Kg6
48. g4 Nf6 49. gxh5+ Kh6 50. Nf2 Kg5 51. Rh3 Nxh5 52. Kc2 Nf6 53. Re3 Kf4 54.
Re1 Kf3 55. Nd3 Nd7 56. Kc3 Rd6 57. a5 Rc6+ 58. Kd2 Rd6 59. Re3+ Kg4 60. Kc3
Rc6+ 61. Kd2 b6 62. axb6 Rxb6 63. Kc3 Rb5 64. b4 Nf6 65. Kc4 Ne8 66. Kc3 Nd6 67.
Kc2 Nc4 68. Re1 Kf3 69. Ra1 Kxe4 70. Rxa6 Rb6 71. Nc5+ Kd5 72. Rxb6 Nxb6 73. Kd3
Nc4 74. Nxe6 e4+ 75. Kc3 e3 76. Nd4 Nd6 77. Kd3 Nc4 1/2-1/2

[Event "40th Olympiad Open"]
[Site "Istanbul TUR"]
[Date "2012.09.03"]
[Round "6.36"]
[Board "4"]
[White "Murillo Tsijli, Alexis"]
[Black "Vedrickas, Tautvydas"]
[Result "1-0"]
[WhiteTitle "IM"]
[BlackTitle "FM"]
[WhiteElo "2278"]
[BlackElo "2344"]
[WhiteTeam "Costa Rica"]
[BlackTeam "Lithuania"]
[WhiteFideId "6500218"]
[BlackFideId "12802654"]
[EventDate "2012.08.28"]

1. e4 c5 2. Nf3 d6 3. d4 cxd4 4. Nxd4 Nf6 5. Nc3 a6 6. Bc4 e6 7. Qe2 Be7 8. Bb3
O-O 9. Be3 b5 10. O-O-O Qc7 11. f3 Nbd7 12. g4 Nc5 13. g5 Nfd7 14. h4 Nb6 15. h5
Nca4 16. Nb1 Nc4 17. g6 Bf6 18. h6 fxg6 19. hxg7 Bxg7 20. Qh2 Bf6 21. Bxc4 bxc4
22. b3 cxb3 23. axb3 Nc5 24. Nd2 e5 25. Nc6 Rf7 26. Nb4 Be6 27. Nc4 a5 28. Nd5
Bxd5 29. Rxd5 a4 30. Bxc5 axb3 31. cxb3 dxc5 32. f4 Qa7 33. fxe5 Bxe5 34. Nxe5
Qa1+ 35. Kd2 Qb2+ 36. Ke3 Qxb3+ 37. Rd3 Qb6 38. Nxf7 c4+ 39. Kf3 Qf6+ 40. Qf4
Qxf4+ 41. Kxf4 cxd3 42. Ne5 Rd8 43. Rd1 d2 44. Nf3 1-0

[Event "40th Olympiad Open"]
[Site "Istanbul TUR"]
[Date "2012.09.03"]
[Round "6.37"]
[Board "2"]
[White "Mandiza, Farai"]
[Black "Crosa Coll, Martin"]
[Result "1-0"]
[WhiteTitle "IM"]
[BlackTitle "IM"]
[WhiteElo "2390"]
[BlackElo "2344"]
[WhiteTeam "Zimbabwe"]
[BlackTeam "Uruguay"]
[WhiteFideId "11000430"]
[BlackFideId "3000524"]
[EventDate "2012.08.28"]

1. d4 Nf6 2. Nf3 g6 3. Nc3 d5 4. Bf4 c6 5. h3 Bg7 6. e3 O-O 7. Be2 Nbd7 8. O-O
a6 9. b4 a5 10. b5 a4 11. Rb1 Qa5 12. Qe1 c5 13. b6 cxd4 14. exd4 Ne4 15. Bd2
Nxd2 16. Qxd2 Nxb6 17. Rb5 Qa7 18. Rfb1 Nc4 19. Bxc4 dxc4 20. Nd5 e6 21. Nb6 Rd8
22. Nxa8 Qxa8 23. Qf4 Qa6 24. Rc5 Rf8 25. Qc7 e5 26. Rb6 Qa8 27. Nxe5 Be6 28.
Nf3 a3 29. Qxb7 Qa4 30. Qe4 c3 31. Rxe6 fxe6 32. Qxe6+ Kh8 33. Rxc3 Qa7 34. Rc8
Qb7 35. Rxf8+ Bxf8 36. Ne5 Bb4 37. Qb3 Qe7 38. c4 Bd6 39. Qe3 Qb7 40. c5 Bxe5
41. Qxe5+ Kg8 42. Qe6+ 1-0

[Event "40th Olympiad Open"]
[Site "Istanbul TUR"]
[Date "2012.09.03"]
[Round "6.37"]
[Board "3"]
[White "Roselli Mailhe, Bernardo"]
[Black "Makoto, Rodwell"]
[Result "1-0"]
[WhiteTitle "IM"]
[WhiteElo "2420"]
[BlackElo "2254"]
[WhiteTeam "Uruguay"]
[BlackTeam "Zimbabwe"]
[WhiteFideId "3000028"]
[BlackFideId "11000120"]
[EventDate "2012.08.28"]

1. d4 Nf6 2. c4 g6 3. Nc3 d5 4. Nf3 Bg7 5. Bf4 O-O 6. Rc1 c6 7. e3 Be6 8. Ng5
Bf5 9. Be2 h6 10. Nf3 Be6 11. b3 Nbd7 12. h3 Rc8 13. O-O c5 14. dxc5 Nxc5 15.
cxd5 Nxd5 16. Nxd5 Qxd5 17. Nd4 Bxh3 18. gxh3 e5 19. Nf5 1-0

[Event "40th Olympiad Open"]
[Site "Istanbul TUR"]
[Date "2012.09.03"]
[Round "6.37"]
[Board "4"]
[White "Moyo, Dion"]
[Black "Ulaneo, Nicolas"]
[Result "1-0"]
[WhiteElo "2210"]
[BlackElo "2181"]
[WhiteTeam "Zimbabwe"]
[BlackTeam "Uruguay"]
[WhiteFideId "11000627"]
[BlackFideId "3001377"]
[EventDate "2012.08.28"]

1. e4 e6 2. d3 d5 3. Nd2 c5 4. Ngf3 Nc6 5. g3 g6 6. Bg2 Bg7 7. O-O Nge7 8. Re1
b6 9. h4 h6 10. Nh2 Bb7 11. h5 g5 12. exd5 Nxd5 13. Ne4 Qd7 14. a4 f5 15. Nd2
O-O 16. Nc4 Rae8 17. a5 b5 18. Ne3 a6 19. c3 Nf6 20. Nc2 Nd5 21. Ne3 Ne5 22. Nc2
c4 23. dxc4 bxc4 24. Bf1 Ba8 25. Ne3 Nd3 26. Bxd3 Nxe3 27. Rxe3 Rd8 28. Bd2 cxd3
29. Ra4 Qb7 30. f3 Qxb2 31. Rxe6 Qc2 32. Ra1 Bd5 33. Re1 Bb3 34. Qc1 Rf7 35. Nf1
Bf8 36. Ne3 Bc5 37. Kg2 Bxe3 38. Rxe3 g4 39. Qe1 gxf3+ 40. Kf2 Kh7 41. Rc1 Qa2
42. Rxf3 Qxa5 43. Qe3 Rd6 44. c4 Qd8 45. c5 Re7 46. cxd6 Rxe3 47. Rc7+ Kg8 48.
Rxe3 Bf7 49. Ree7 Bxh5 50. Rg7+ 1-0

[Event "40th Olympiad Open"]
[Site "Istanbul TUR"]
[Date "2012.09.03"]
[Round "6.38"]
[Board "1"]
[White "Elliott, Warren"]
[Black "Zambrana, Oswaldo"]
[Result "0-1"]
[WhiteTitle "FM"]
[BlackTitle "GM"]
[WhiteElo "2250"]
[BlackElo "2471"]
[WhiteTeam "Jamaica"]
[BlackTeam "Bolivia"]
[WhiteFideId "7400179"]
[BlackFideId "3300200"]
[EventDate "2012.08.28"]

1. e4 c5 2. Nf3 Nc6 3. d4 cxd4 4. Nxd4 Nf6 5. Nc3 e5 6. Ndb5 d6 7. Bg5 a6 8. Na3
b5 9. Nd5 Be7 10. Bxf6 Bxf6 11. c4 b4 12. Nc2 a5 13. g3 O-O 14. h4 g6 15. Bh3
Be6 16. Kf1 Bg7 17. Kg2 f5 18. Qd3 Ra7 19. Rad1 Raf7 20. Qe2 Bc8 21. exf5 gxf5
22. f3 Kh8 23. Rhe1 Bh6 24. Qf2 Rg7 25. Kh2 Rfg8 26. Rg1 Rg6 27. b3 Ne7 28. Kh1
Nxd5 29. cxd5 Qe7 30. Rg2 Qg7 31. Rdg1 Qf7 32. Rd1 Bb7 33. g4 fxg4 34. fxg4 Rf6
35. Qe2 Bxd5 36. Rxd5 Rf1+ 37. Kh2 Qf4+ 38. Rg3 Rf2+ 39. Qxf2 Qxf2+ 0-1

[Event "40th Olympiad Open"]
[Site "Istanbul TUR"]
[Date "2012.09.03"]
[Round "6.38"]
[Board "2"]
[White "Cueto, Jonny"]
[Black "Pitterson, Jomo"]
[Result "1/2-1/2"]
[WhiteTitle "IM"]
[BlackTitle "IM"]
[WhiteElo "2282"]
[BlackElo "2221"]
[WhiteTeam "Bolivia"]
[BlackTeam "Jamaica"]
[WhiteFideId "3300145"]
[BlackFideId "7400110"]
[EventDate "2012.08.28"]

1. d4 Nf6 2. Nf3 g6 3. Bf4 Bg7 4. e3 d6 5. h3 O-O 6. Be2 Nfd7 7. O-O e5 8. Bh2
Nc6 9. c4 exd4 10. exd4 Re8 11. Nc3 Nf6 12. Re1 Ne4 13. Nd5 Nf6 14. Nc3 Ne4 15.
Nd5 Nf6 16. Nc3 Ne4 1/2-1/2

[Event "40th Olympiad Open"]
[Site "Istanbul TUR"]
[Date "2012.09.03"]
[Round "6.38"]
[Board "3"]
[White "Rowe, Duane"]
[Black "Molina, Jorge"]
[Result "1-0"]
[WhiteTitle "CM"]
[BlackTitle "FM"]
[WhiteElo "2251"]
[BlackElo "2180"]
[WhiteTeam "Jamaica"]
[BlackTeam "Bolivia"]
[WhiteFideId "7400268"]
[BlackFideId "3300161"]
[EventDate "2012.08.28"]

1. e4 c6 2. d4 d5 3. e5 c5 4. Nf3 cxd4 5. Nxd4 Nc6 6. Bb5 Bd7 7. Bxc6 bxc6 8.
O-O e6 9. c4 Ne7 10. Nc3 Nc8 11. Qf3 Be7 12. Qg4 g6 13. Bh6 Bf8 14. Qf4 Rg8 15.
Bg5 Be7 16. Nf3 Nb6 17. b3 h6 18. Bxh6 g5 19. Qg4 Qc7 20. c5 Bxc5 21. Bxg5 Be7
22. h4 O-O-O 23. Rac1 Bxg5 24. hxg5 f5 25. exf6 e5 26. Qg3 e4 27. Ne5 a6 28. g6
Qd6 29. f7 Rg7 30. Na4 Nxa4 31. bxa4 Kc7 32. Qc3 Qf6 33. f4 Rc8 34. Qa5+ Kd6 35.
Qc5+ Ke6 36. Rb1 Qh4 37. f8=Q 1-0

[Event "40th Olympiad Open"]
[Site "Istanbul TUR"]
[Date "2012.09.03"]
[Round "6.38"]
[Board "4"]
[White "Ferrufino, Boris"]
[Black "Mellace, Andrew"]
[Result "1-0"]
[WhiteTitle "CM"]
[WhiteElo "2171"]
[BlackElo "2081"]
[WhiteTeam "Bolivia"]
[BlackTeam "Jamaica"]
[WhiteFideId "3300170"]
[BlackFideId "7400055"]
[EventDate "2012.08.28"]

1. d4 Nf6 2. Nf3 g6 3. Nbd2 d5 4. e3 Bg7 5. b4 c6 6. c4 O-O 7. Bb2 Bg4 8. Bd3
Bxf3 9. Nxf3 Na6 10. Qb3 Nc7 11. O-O a5 12. b5 cxb5 13. cxb5 Ne4 14. Rfc1 Rc8
15. Rc2 Na8 16. Rac1 Nb6 17. Rxc8 Nxc8 18. Qc2 Ned6 19. Ba3 Re8 20. Qc7 Qxc7 21.
Rxc7 b6 22. Kf1 f6 23. Nd2 f5 24. Nb1 Bf8 25. Nc3 e6 26. Rc6 Ne4 27. Bxe4 Bxa3
28. Bd3 Kf7 29. Na4 Ne7 30. Rxb6 Rc8 31. Ra6 Bb4 32. Nc5 e5 33. b6 exd4 34. exd4
Re8 35. g3 Nc6 36. Bb5 Re1+ 37. Kg2 Nd8 38. Ra8 Ke7 39. Ra7+ Kf8 40. Rd7 Re8 41.
Rxd5 Bxc5 42. dxc5 1-0

[Event "40th Olympiad Open"]
[Site "Istanbul TUR"]
[Date "2012.09.03"]
[Round "6.39"]
[Board "2"]
[White "Mehmeti, Dritan"]
[Black "Orsag, Milan1"]
[Result "1/2-1/2"]
[WhiteTitle "IM"]
[BlackTitle "IM"]
[WhiteElo "2437"]
[BlackElo "2405"]
[WhiteTeam "Albania"]
[BlackTeam "ICSC"]
[WhiteFideId "4700600"]
[BlackFideId "300853"]
[EventDate "2012.08.28"]

1. e4 c5 2. Nf3 e6 3. d4 cxd4 4. Nxd4 Nf6 5. Nc3 d6 6. g4 h6 7. g5 hxg5 8. Bxg5
Nc6 9. Qd2 Qb6 10. Nb3 a6 11. O-O-O Qc7 12. h4 b5 13. Bg2 Bb7 14. a3 Rc8 15. f4
b4 16. axb4 Nxb4 17. Kb1 a5 18. Rh3 Nd7 19. f5 e5 20. Nb5 Qb6 21. Na3 Ba6 22.
Rc3 Rxc3 23. Qxc3 Be7 24. Bf1 Nf6 25. Bxa6 Qxa6 26. Qc7 Nc6 27. Bxf6 gxf6 28.
Nxa5 Nxa5 29. Qb8+ Bd8 30. Rxd6 Nc6 31. Qxd8+ Nxd8 32. Rxa6 Rxh4 33. Nb5 Nb7 34.
Ra7 Nc5 35. Nd6+ Kd8 36. Nxf7+ Ke8 37. Nd6+ Kd8 38. Rf7 Nd7 39. c4 Rh2 40. b4
Rd2 41. c5 Nxc5 42. Rxf6 Na4 43. Kc1 Re2 44. Rf7 Nc3 45. Ra7 Na2+ 46. Kb1 Nc3+
47. Ka1 Nxe4 48. Nf7+ Kc8 49. b5 Rf2 50. Re7 Nc3 51. Ra7 Nxb5 52. Ra5 Rxf5 53.
Rxb5 Rxf7 1/2-1/2

[Event "40th Olympiad Open"]
[Site "Istanbul TUR"]
[Date "2012.09.03"]
[Round "6.39"]
[Board "3"]
[White "Klasan, Vladimir"]
[Black "Seitaj, Ilir"]
[Result "0-1"]
[BlackTitle "IM"]
[WhiteElo "2342"]
[BlackElo "2400"]
[WhiteTeam "ICSC"]
[BlackTeam "Albania"]
[WhiteFideId "934054"]
[BlackFideId "4700031"]
[EventDate "2012.08.28"]

1. e4 e5 2. Nf3 Nc6 3. Bb5 a6 4. Ba4 Nf6 5. d3 d6 6. c4 Be7 7. h3 O-O 8. Nc3 Be6
9. Be3 Nd7 10. O-O Kh8 11. Rc1 f5 12. exf5 Bxf5 13. Bxc6 bxc6 14. d4 Bf6 15. Qa4
exd4 16. Bxd4 Bxd4 17. Nxd4 Bxh3 18. Qxc6 Ne5 19. Qe4 Bd7 20. c5 Rb8 21. cxd6
cxd6 22. f4 Ng4 23. Nd5 Rxb2 24. Rc3 Re8 25. Qd3 Rxa2 26. Rc7 Ra5 27. Nc6 Bxc6
28. Qc3 Rg8 29. Qxc6 Qh4 0-1

[Event "40th Olympiad Open"]
[Site "Istanbul TUR"]
[Date "2012.09.03"]
[Round "6.40"]
[Board "1"]
[White "Njili, Kamel"]
[Black "Mok, Tze-Meng"]
[Result "1-0"]
[WhiteTitle "FM"]
[BlackTitle "IM"]
[WhiteElo "2357"]
[BlackElo "2354"]
[WhiteTeam "Tunisia"]
[BlackTeam "Malaysia"]
[WhiteFideId "5500869"]
[BlackFideId "5700329"]
[EventDate "2012.08.28"]

1. e4 g6 2. d4 Bg7 3. Bc4 c6 4. Nf3 d5 5. exd5 cxd5 6. Bb5+ Nc6 7. O-O Nf6 8.
Ne5 Bd7 9. Bxc6 bxc6 10. Nd2 O-O 11. Nb3 Ne4 12. Re1 Be8 13. f3 Nd6 14. Nc5 Rb8
15. b3 Nb7 16. Ba3 Nxc5 17. Bxc5 Rb7 18. Qe2 Qa5 19. Qe3 f6 20. Nxc6 Bxc6 21.
Qe6+ Kh8 22. Qxc6 Rfb8 23. b4 Qd8 24. Qe6 f5 25. c3 Bf6 26. Re2 Rc8 27. Rae1
Rcc7 28. a4 Qg8 29. a5 Qxe6 30. Rxe6 Kg7 31. a6 Rb8 32. Bxe7 1-0

[Event "40th Olympiad Open"]
[Site "Istanbul TUR"]
[Date "2012.09.03"]
[Round "6.40"]
[Board "2"]
[White "Lim, Yee-Weng"]
[Black "Amdouni, Zoubaier"]
[Result "0-1"]
[WhiteTitle "IM"]
[WhiteElo "2287"]
[BlackElo "2305"]
[WhiteTeam "Malaysia"]
[BlackTeam "Tunisia"]
[WhiteFideId "5700590"]
[BlackFideId "5500419"]
[EventDate "2012.08.28"]

1. e4 c5 2. Nf3 Nc6 3. c3 e5 4. Bc4 Qc7 5. O-O Be7 6. d3 Nf6 7. Ng5 h6 8. f4
hxg5 9. fxg5 d6 10. gxf6 gxf6 11. Be3 Be6 12. b4 O-O-O 13. Bd5 Rdg8 14. Nd2 Qd7
15. Rf2 f5 16. Nf3 f4 17. Bc1 Bh3 18. Kh1 Bg4 19. Qf1 cxb4 20. Bb2 Bh4 21. Rc2
Bg3 22. cxb4 Kb8 23. Bxc6 bxc6 24. d4 Rxh2+ 25. Nxh2 Rh8 26. dxe5 Rxh2+ 27. Kg1
Qd8 28. Qf2 Qh4 29. Kf1 Rh1+ 30. Qg1 Rxg1+ 31. Kxg1 Qh2+ 0-1

[Event "40th Olympiad Open"]
[Site "Istanbul TUR"]
[Date "2012.09.03"]
[Round "6.40"]
[Board "3"]
[White "Zaibi, Amir"]
[Black "Yeoh, Li Tian"]
[Result "0-1"]
[WhiteTitle "CM"]
[WhiteElo "2214"]
[BlackElo "2258"]
[WhiteTeam "Tunisia"]
[BlackTeam "Malaysia"]
[WhiteFideId "5500796"]
[BlackFideId "5702895"]
[EventDate "2012.08.28"]

1. e4 c6 2. d4 d5 3. e5 Bf5 4. Nc3 e6 5. g4 Bg6 6. Nge2 f6 7. Nf4 fxe5 8. Nxg6
hxg6 9. dxe5 Nd7 10. Bf4 Nh6 11. Bd3 g5 12. Bg3 Nf7 13. Qe2 Qc7 14. O-O-O Bb4
15. Bg6 Bxc3 16. Bxf7+ Kxf7 17. Qf3+ Kg8 18. Qxc3 c5 19. Qe3 Qd8 20. c4 Nb6 21.
b3 Qe8 22. cxd5 Nxd5 23. Qf3 Qc6 24. Rd2 c4 25. bxc4 Qxc4+ 26. Rc2 Qa4 27. Qb3
Qxg4 28. Qxb7 Kh7 29. Qb1 Kh6 30. h4 Qe4 31. hxg5+ Kxg5 32. Rxh8 Rxh8 33. Qb3
Qd4 34. Bh2 Rh4 35. Bg1 Rh1 36. Qg3+ Qg4 37. Qxg4+ Kxg4 38. f3+ Kg3 39. Rc6
Rxg1+ 40. Kb2 Nf4 41. Rc7 Kxf3 42. Rxa7 g5 43. a4 Re1 44. a5 Rxe5 45. Kb3 g4 46.
Ka4 Re1 47. Rc7 g3 48. Rc3+ Kg4 49. a6 Ra1+ 0-1

[Event "40th Olympiad Open"]
[Site "Istanbul TUR"]
[Date "2012.09.03"]
[Round "6.40"]
[Board "4"]
[White "Lim, Zhuo Ren"]
[Black "Boudriga, Med Ali"]
[Result "1-0"]
[WhiteElo "2120"]
[BlackElo "2191"]
[WhiteTeam "Malaysia"]
[BlackTeam "Tunisia"]
[WhiteFideId "5702488"]
[BlackFideId "5500460"]
[EventDate "2012.08.28"]

1. d4 d5 2. c4 c6 3. Nf3 e6 4. g3 Nf6 5. Bg2 Nbd7 6. Qc2 Be7 7. O-O O-O 8. Bf4
Nh5 9. Bc1 Nhf6 10. Nbd2 b6 11. b3 Bb7 12. Bb2 c5 13. Rac1 dxc4 14. Nxc4 Be4 15.
Qd2 Qb8 16. Rfd1 Rd8 17. Qe3 Qb7 18. Nce5 cxd4 19. Bxd4 Nxe5 20. Bxe5 Ng4 21.
Qf4 Nxe5 22. Nxe5 Bxg2 23. Qxf7+ Kh8 24. Qxe6 g6 25. Nf7+ Kg7 26. Nxd8 Rxd8 27.
Rxd8 Bxd8 28. f3 Bxf3 29. Qe5+ Kh6 30. exf3 Bg5 31. Rf1 Qc6 32. h4 Bf6 33. Qf4+
g5 34. Qd2 Kg6 35. Qd3+ Kg7 36. hxg5 Bxg5 37. Kg2 Qe6 38. Rh1 h6 39. Rd1 Be7 40.
Qe4 Qf6 41. Rd7 Kf7 42. Rxe7+ Qxe7 43. Qxe7+ Kxe7 44. f4 Ke6 45. g4 Kd5 46. Kf3
Kd4 47. g5 hxg5 48. fxg5 Ke5 49. Kg4 Ke6 50. Kh5 Kf7 51. Kh6 1-0

[Event "40th Olympiad Open"]
[Site "Istanbul TUR"]
[Date "2012.09.03"]
[Round "6.41"]
[Board "1"]
[White "Elsness, Frode"]
[Black "Lodhi, Mahmood"]
[Result "1-0"]
[WhiteTitle "IM"]
[BlackTitle "IM"]
[WhiteElo "2498"]
[BlackElo "2358"]
[WhiteTeam "Norway"]
[BlackTeam "Pakistan"]
[WhiteFideId "1501100"]
[BlackFideId "7800010"]
[EventDate "2012.08.28"]

1. d4 Nf6 2. c4 c5 3. d5 g6 4. Nc3 d6 5. e4 Bg7 6. h3 O-O 7. Nf3 e6 8. Bd3 exd5
9. exd5 Re8+ 10. Be3 Bh6 11. O-O Rxe3 12. fxe3 Bxe3+ 13. Kh1 Nh5 14. Qe1 Bh6 15.
g4 Nf4 16. Qe3 f6 17. Rae1 Nd7 18. Ne2 Nxd3 19. Qxd3 Nf8 20. Ng3 Bd7 21. Qe4 Qb6
22. Qe7 Bg7 23. Ne4 Qxb2 24. Rf2 Qb4 25. Nxf6+ Bxf6 26. Qxf6 Re8 27. Rxe8 Bxe8
28. Ng1 1-0